000 00624nam a2200217Ii 4500
003 JO-AjNU
008 230605s9999||||xx |||||||||||||| ||und||
017 _a2008/3/582
040 _aJO-AjNU
_bara
_erda
_cJO-AjNU
041 _aara
050 1 4 _aPJ7802.B33.H37 2008
100 3 _aتأليف بركات، مخلد,
_eauthor
_948788
245 0 0 _aالحرذون
250 _aط1
264 3 1 _aعمان:وزارة الثقافة،2008
300 _a181ص
336 _atext
_btxt
_2rdacontent
337 _aunmediated
_bn
_2rdamedia
338 _avolume
_bnc
_2rdacarrier
650 4 _aالقصص العربية
_948789
999 _aA21389
_c24957
_d24957